Estadísticas para Marcas de autos #2

Haz click aquí para intentar la prueba.

Estadísticas generales

  • Esta prueba ha sido intentada 91 veces
  • La puntuación promedio es 8 de 10

Respuestas en el mapa

Las respuestas están codificadas por una escala verde-roja en el mapa de la prueba según el % correcto abajo.
 

Estadísticas de respuestas

Respuesta% Correcto
Mercedes-Benz
97%
Tesla
96%
Chevrolet
91%
Alfa-Romeo
90%
Lexus
87%
Infiniti
73%
McLaren
73%
Chrysler
62%
Pontiac
61%
Saab
53%

Distribución de puntuación

Porcentaje por número respondido

Porcentaje de gente con cada puntuación

Historial de tus puntuaciones

No has intentado esta prueba.